|
|
|
|
| LEADER |
00000nam a2200000 i 4500 |
| 001 |
1/77073 |
| 008 |
970127s1975 eng d |
| 020 |
|
|
|a 0-87819-069-4
|
| 035 |
|
|
|l 10004170
|
| 040 |
|
|
|a GR-MY-UA
|b gre
|e aacr
|
| 041 |
0 |
|
|a eng
|
| 082 |
0 |
|
|a 628.532
|
| 100 |
1 |
|
|a Buonicore, Anthony J.
|
| 245 |
1 |
0 |
|a Industrial control equipment for gaseous pollutants /
|c Anthony J. Buonicore; Louis Theodore
|
| 260 |
|
|
|a Cleveland :
|b CRC,
|c 1975
|
| 300 |
|
|
|a 1 v.
|
| 504 |
|
|
|a Includes index
|
| 650 |
0 |
0 |
|a Flue gases
|x Purification.
|
| 700 |
1 |
|
|a Theodore, Louis.
|
| 852 |
|
|
|a INST
|b LESVOS
|e 19970127
|h 628.532 BUO
|p 005100012138
|q 005100012138
|t BK
|y 0
|
| 909 |
|
|
|a Λ
|b 005180
|